000 00631nam a2200169Ia 4500
008 151213s9999 xx 000 0 und d
020 _a9848641-01-7
100 _aড. সৈয়দ মাহমুদুল হাসান
245 _aসাংস্ক্রতিক ঐতিহ্য
_cড. সৈয়দ মাহমুদুল হাসান
250 _a১ম সং
260 _aঢাকা
_bহারুন অর রশিদ
_c2007
300 _a8352 p.
650 _aBangla
650 _a্ইতিহাস
700 _aড. সৈয়দ মাহমুদুল হাসান
999 _c4192
_d4192